Das Bertelsmann Lexikon.

Bibliographic Details
Format: Book
Language:German
Published: [Gutersloh] : C. Bertelsmann, [1953-55]
Subjects:

MARC

Tag First Indicator Second Indicator Subfields
LEADER 00000cam a2200000 4500
001 in00000059929
005 20151008051029.0
008 800418m19531955gw abc 00000 ger
010 |a  54015332  
035 |a (OCoLC)06219574 
035 |9 AAG5165AM 
040 |a DLC  |c TXA  |d UtOrBLW 
049 |a TXAM  |v 1 [314406]  |v 2 [314407]  |v 3 [314408]  |v 4 [314409] 
050 0 |a AE27  |b .B4 1953 
082 0 |a 033 
092 |a 033  |b B537 
245 0 4 |a Das Bertelsmann Lexikon. 
264 1 |a [Gutersloh] :  |b C. Bertelsmann,  |c [1953-55] 
300 |a 4 volumes :  |b illustrations (part color) portraits, map (part folded, part color) ;  |c 24 cm. 
336 |a text  |b txt  |2 rdacontent 
337 |a unmediated  |b n  |2 rdamedia 
338 |a volume  |b nc  |2 rdacarrier 
650 0 |a Encyclopedias and dictionaries, German. 
999 |a MARS 
999 f f |s 8df900b6-29aa-3b5a-9b4c-556986a8da38  |i 148ced7c-ef5a-3be7-afb2-10e5ad6e1ed0  |t 0 
952 f f |p storage  |a Texas A&M University  |b J.J. Pickle Campus  |c High Density Repository  |d Remote Storage  |t 0  |e AE27 .B4 1953  |h Library of Congress classification  |i unmediated -- volume  |k Bd.1  |m A14800498331 
952 f f |p storage  |a Texas A&M University  |b J.J. Pickle Campus  |c High Density Repository  |d Remote Storage  |t 0  |e AE27 .B4 1953  |h Library of Congress classification  |i unmediated -- volume  |k Bd.2  |m A14800498349 
952 f f |p storage  |a Texas A&M University  |b J.J. Pickle Campus  |c High Density Repository  |d Remote Storage  |t 0  |e AE27 .B4 1953  |h Library of Congress classification  |i unmediated -- volume  |k Bd.3  |m A14800498357 
952 f f |p storage  |a Texas A&M University  |b J.J. Pickle Campus  |c High Density Repository  |d Remote Storage  |t 0  |e AE27 .B4 1953  |h Library of Congress classification  |i unmediated -- volume  |k Bd.4  |m A14800498365 
998 f f |a AE27 .B4 1953  |s Bd.1-4  |t 0  |l Remote Storage